00000000cam 2200000zi 4500
0019.922166
003CaOODSP
00520260212083651
006m     o  d f      
007cr |n|||||||||
008230502e20230502onc     ob   f|0| 0 eng d
040 |aCaOODSP|beng|erda|cCaOODSP
043 |an-cn---
0861 |aH113-9/2023-4E-PDF
24500|aPlutella xylostella granulovirus (PlxyGV) isolate GV-0020 and Plutex.
264 1|aOttawa, Ontario : |bPest Management Regulatory Agency, Health Canada, |c2 May 2023.
264 4|c©2023
300 |a1 online resource (24 pages).
336 |atext|btxt|2rdacontent
337 |acomputer|bc|2rdamedia
338 |aonline resource|bcr|2rdacarrier
4901 |aProposed registration decision, |x1925-0886 ; |vPRD2023-04
500 |aIssued also in French under title: Isolat GV-0020 du granulovirus de Plutella xylostella (PlxyGV) et Plutex.
504 |aIncludes bibliographical references (pages 22-24).
650 0|aPesticides|xCertification|zCanada.
650 0|aPesticides|xToxicology.
650 0|aPesticides|xHealth aspects.
650 0|aPesticides|xEnvironmental aspects.
7101 |aCanada. |bPest Management Regulatory Agency, |eissuing body.
77508|tIsolat GV-0020 du granulovirus de Plutella xylostella (PlxyGV) et Plutex.|w(CaOODSP)9.922168
830#0|aProposed registration decision ;|vPRD2023-04.|w(CaOODSP)9.504464
85640|qPDF|s402 KB|uhttps://publications.gc.ca/collections/collection_2023/sc-hc/h113-9/H113-9-2023-4-eng.pdf